| 000 | 00438nam a22001697a 4500 | ||
|---|---|---|---|
| 999 |
_c528123 _d528123 |
||
| 003 | NUST | ||
| 020 |
_a9789693706857 _qP/B. |
||
| 038 | _awaseem | ||
| 082 |
_a891.421 _bBHA |
||
| 100 |
_aBhatti, Amjad Ali _914347 |
||
| 245 |
_aBullha Shah / _cAmjad Ali Bhatti |
||
| 260 |
_aIslamabad : _bN.B.F, _c2019. |
||
| 300 | _a168 p. ; | ||
| 880 |
_a100-01\r _bامجد علی بھٹی |
||
| 880 |
_a245-02\r _bبُلھے شاہ |
||
| 942 |
_2ddc _cBK |
||